=LDR 00000nam 2200000 4500 =001 INLIS000000000015187 =005 20130612110452 =008 ***********************************Ind 6** =035 ##$$0010-061300000015187 =041 ##$$a Ind 6 =082 ##$$a 658.4 =090 ##$$a 658.4, LEV p =100 ##$$a Levin, I Richard =245 ##$$a Perencanaan dan penendalian dengan peat dan cpm, Tekhnik penilain dan peninjuan program dan metode jalur kritis, Richard I. Levin, Charlos A. Kirkpatrick; penterjemah Magdalema Adiwardana Janiu =250 ##$$a Seri manajemen no.5 =260 ##$$a 1966 $b Jakarta =300 ##$$a 189 hlm, Ilus , 21 cm =650 ##$$a Manajemen analisa sistim =700 ##$$a Janiu Magdalema Adiwardana =850 ##$$a NBPNMAT